In search of the Divine: (Record no. 200956)

MARC details
000 -LEADER
fixed length control field 00623nam a22002057a 4500
005 - DATE AND TIME OF LATEST TRANSACTION
control field 20240221121925.0
010 ## - LCCN (DPL NO)
LC control number ENG-139389
020 ## - INTERNATIONAL STANDARD BOOK NUMBER
International Standard Book Number 9789393701114
Terms of availability 599.00
035 ## - SYSTEM CONTROL NUMBER
System control number EN-122921
037 ## - SOURCE OF ACQUISITION
Source of stock number/acquisition DBAD/PUB
082 ## - DEWEY DECIMAL CLASSIFICATION NUMBER
Classification number 270.175
Edition number 1
100 ## - MAIN ENTRY--PERSONAL NAME
Personal name Safvi, Rana
245 ## - TITLE STATEMENT
Title In search of the Divine:
Remainder of title Living Histories of Sufism in India/
Statement of responsibility, etc By Rana Safvi
250 ## - EDITION STATEMENT
Edition statement 1
260 ## - PUBLICATION, DISTRIBUTION, ETC. (IMPRINT)
Place of publication, distribution, etc Gurugram
Name of publisher, distributor, etc Hachette India
Date of publication, distribution, etc 2022
270 ## - ADDRESS
City Gurugram
Address 4th & 5th Floor, Corporate Centre, Plot no-94,Sector-44
Postal code 122003
300 ## - PHYSICAL DESCRIPTION
Extent 415p.
Dimensions 22cm(hbk)
500 ## - GENERAL NOTE
General note
942 ## - ADDED ENTRY ELEMENTS (KOHA)
Source of classification or shelving scheme Dewey Decimal Classification
Item type English Books
Classification part 270.175
Call number suffix SAF
Holdings
Withdrawn status Lost status Not for loan Collection code Home library Current library Date acquired Source of acquisition Cost, normal purchase price Full call number Barcode Copy number Cost, replacement price Koha item type
      Non-fiction Bawana Bawana 21/02/2024 DBAD 599.00 270.175 SAF EN-122921 1 599.00 English Books

© Delhi Public Library
Hit Counter
free hit counter